00537nam a2200205 a 4500001001300000003000900013005001700022008004100039020000900080082001600089100001700105245005200122260003800174300000900212500003500221505001000256650002300266650002500289700001700314nice12345678IN_TiNIC20260116013347.0050524s1993 dela grp 000 0 eng  ac8000a181.07bALI aAli, Shaukat aIntellectual Foundations of Muslim Civilization aDelhibAl-Amin Publicationsc1993 a192p aincludes index and biblioraphy2 aIndex aPhilosophy-Islamic aCivilization-Islamic1 aAli, Shaukat